00637cam a2200193I 45000010006000000050017000060080041000230350023000640400025000870350019001121000031001312450051001622600041002133000035002545000058002895040030003476000033003777000033004104518120230411085957.0770705s1942 ag ag b 000 0 spa d a(OCoLC)ocm03091649 aTXUcTXUdOCLdOCLCQ a(OCoLC)30916491 aBellaigue, Camilio,d1858-10aGounod;cTraducción de Pedro E.F. Labrousse. aBuenos Aires,bEditorial Torc[1942] a189 p.billus. (music)c19 cm. a"Catálogo de la obra de Carlos Gounod": p. 179-188. a"Bibliografía": p. 189.10aGounod, Charles,d1818-1893.1 aLabrousse, Pedro E. F.,etr.